[Event "Titled Tuesday intern op 12th Jul Late"]
[Site "Chess.com INT"]
[Date "2022.07.12"]
[Round "3"]
[White "Krishnakumar, Sriram"]
[Black "Pinheiro, Iung Alicio"]
[Result "0-1"]
[WhiteElo "2331"]
[BlackElo "2320"]
[PlyCount "78"]
[EventDate "2022.07.12"]
[EventType "swiss (blitz)"]
[EventRounds "11"]
[EventCountry "USA"]
[SourceTitle "EXT 2023"]
[Source "ChessBase"]
[SourceDate "2022.10.05"]
[SourceVersion "1"]
[SourceVersionDate "2022.10.05"]
[SourceQuality "1"]

1. e4 d6 2. d4 Nf6 3. Nc3 g6 4. h4 a6 5. Be2 h5 6. a4 Bg7 7. Bg5 Nc6 8. Qd2 Nb4 9. f3 Nd7 10. Nh3 c5 11. d5 Qa5 12. 0-0 Nf6 13. Nf2 0-0 14. Ncd1 e6 15. dxe6 Bxe6 16. Ne3 Rfe8 17. Rfd1 Rad8 18. Ra3 Qb6 19. Nc4 Bxc4 20. Bxc4 Qc7 21. c3 d5 22. exd5 Nbxd5 23. Ne4 Nb6 24. Bd3 Nxe4 25. fxe4 c4 26. Bxd8 Rxd8 27. Qe2 cxd3 28. Rxd3 Re8 29. Rb3 Nc4 30. Rf3 Ne5 31. Rf1 Ng4 32. e5 Bxe5 33. Kh1 Re6 34. Qd3 Bf6 35. g3 Re3 36. Qd5 Qxg3 37. Qg2 Qxh4+ 38. Kg1 Rg3 39. c4 Qh2# 0-1

[Event "Titled Tuesday intern op 14th Jun Early"]
[Site "Chess.com INT"]
[Date "2022.06.14"]
[Round "4"]
[White "Krishnakumar, Sriram"]
[Black "Turzo, Attila"]
[Result "0-1"]
[WhiteElo "2214"]
[BlackElo "2312"]
[PlyCount "72"]
[EventDate "2022.06.14"]
[EventType "swiss (blitz)"]
[EventRounds "11"]
[EventCountry "USA"]
[SourceTitle "EXT 2023"]
[Source "ChessBase"]
[SourceDate "2022.10.05"]
[SourceVersion "1"]
[SourceVersionDate "2022.10.05"]
[SourceQuality "1"]

1. e4 c5 2. Nf3 d6 3. Bb5+ Nd7 4. a4 Ngf6 5. Nc3 a6 6. Be2 b6 7. 0-0 e5 8. Bc4 Be7 9. d3 0-0 10. Ne1 Bb7 11. f4 exf4 12. Bxf4 Ne5 13. Bb3 Ng6 14. Bg3 d5 15. e5 Ne8 16. d4 Nc7 17. dxc5 bxc5 18. Nf3 d4 19. Ne2 Nd5 20. Qd3 Ne3 21. Rf2 Rc8 22. Bc4 Qb6 23. b3 Nxc4 24. Qxc4 a5 25. Raf1 Ba6 26. Qd5 Rcd8 27. Qe4 d3 28. cxd3 Bxd3 29. Qe3 Qxb3 30. Nc1 Qd5 31. Rd1 c4 32. Nxd3 cxd3 33. Rc1 Rc8 34. Rxc8 Rxc8 35. Qd4 Rc1+ 36. Rf1 Bc5 0-1

[Event "Titled Tuesday intern op 19th Apr Late"]
[Site "Chess.com INT"]
[Date "2022.04.19"]
[Round "3"]
[White "Bacrot, Etienne"]
[Black "Krishnakumar, Sriram"]
[Result "1/2-1/2"]
[WhiteElo "2638"]
[BlackElo "2203"]
[PlyCount "102"]
[EventDate "2022.04.19"]
[EventType "swiss (blitz)"]
[EventRounds "11"]
[EventCountry "USA"]
[SourceTitle "EXT 2023"]
[Source "ChessBase"]
[SourceDate "2022.10.05"]
[SourceVersion "1"]
[SourceVersionDate "2022.10.05"]
[SourceQuality "1"]

1. e4 e5 2. Nf3 Nc6 3. Bb5 a6 4. Ba4 Nf6 5. d3 b5 6. Bb3 Bc5 7. Nc3 d6 8. Nd5 h6 9. Nxf6+ Qxf6 10. Bd5 Bd7 11. Rg1 Rd8 12. c3 Ne7 13. Bb3 Ng6 14. Be3 Nf4 15. d4 Bb6 16. a4 exd4 17. Bxd4 Bxd4 18. Qxd4 Qxd4 19. Nxd4 Nd3+ 20. Ke2 Nxb2 21. axb5 axb5 22. Rgb1 Nc4 23. Bxc4 bxc4 24. Ra7 c5 25. Nc2 0-0 26. f3 d5 27. Rbb7 Be6 28. Rc7 dxe4 29. fxe4 Rd3 30. Ne3 Rxc3 31. Rxc5 Rb8 32. Ra2 Rbb3 33. Nd5 Bxd5 34. exd5 Re3+ 35. Kf2 Red3 36. Rc2 Rb6 37. Rc6 Rb8 38. Rd6 Rb5 39. Rxc4 Rbxd5 40. Rxd5 Rxd5 41. Rc7 Rf5+ 42. Ke3 g6 43. g3 h5 44. Rc6 Kg7 45. Ke2 Rf6 46. Rc5 Ra6 47. Kf3 Ra3+ 48. Kf4 Ra4+ 49. Kf3 Ra3+ 50. Kf4 Ra4+ 51. Kf3 Ra3+ 1/2-1/2